| 000 | 00920nam a2200289Ia 4500 | ||
|---|---|---|---|
| 001 | Para_1360 | ||
| 003 | CHAP | ||
| 008 | 220125s1998 xx 000 0 und d | ||
| 010 | _a200068 | ||
| 040 | _cCHAP | ||
| 090 | _aPA TESIS 1301 | ||
| 100 |
_aResendiz García, Benito _996135 |
||
| 245 |
_aResistencia a acaricidas de una población de Tetranychus urticae Koch procedente de Villa Guerrero, Estado de México / _c por Benito Resendiz García |
||
| 260 |
_aMontecillo, Méx. : _b El autor |
||
| 300 | _a45 h. | ||
| 502 | _aTesis (Doctor en Ciencias), CP. Instituto Fitosanidad | ||
| 650 | _aAcaros | ||
| 650 |
_aTetranychus urticae _9112502 |
||
| 710 | _aColegio de Postgraduados, Instituto de Fitosanidad | ||
| 901 | _aPA TESIS 1301 | ||
| 902 | _aA | ||
| 905 | _a0000001998 0000000000 00 | ||
| 910 | _a1998 | ||
| 942 | _cPARA | ||
| 942 |
_cPARA _d1 |
||
| 999 |
_c200068 _d200068 |
||